000 00850nam a2200265Ia 4500
003 OSt
005 20220930185240.0
006 a|||||r|||| 00| 0
007 ta
008 220926b |||||||| |||| 00| 0 eng d
020 _a0415424119 (hbk)
_c995
024 _a494
037 _b2995, 10/03/2008, Bharat Scientific Syndicate
_cTextbook
040 _aCRL
_cCRL
_beng
041 _2eng
_aeng
082 _aD85.2, P8
100 _aJoy K.J. Ed.
_917309
245 0 _aWater conflicts in India
_b A million revolts in the making
260 _aLondon
_bRoutledge Taylor & Francis UK
_c2008
300 _axxxii,439p.
_ccm.
650 _aENGINEERING
700 _a Gujja Biksham Ed.
_9557776
942 _hD85.2, P8
_cTB
_2CC
999 _c889823
_d889823